Loading...

Shakespeare kathakal

Bibliographic Details
Main Authors: Chacko, K M; Translator, Lamb, Charles; Author, Lamb, Mary; Author, Radhakrishnan, V; Translator, Sadasivan, M P; Translator
Format: Printed Book
Published: Kottayam, D C Books 2009
Subjects:
LEADER 008730000a22002530004500
020 |a 81-264-0914-2 
040 |a MAL 
082 |a 823.01 LAM/L 32P4 
100 |a Chacko, K M; Translator 
100 |a Lamb, Charles; Author 
100 |a Lamb, Mary; Author 
100 |a Radhakrishnan, V; Translator 
100 |a Sadasivan, M P; Translator 
240 |a Lamb tales from Shakespeare: short stories  |l ENG 
245 |a Shakespeare kathakal 
250
260 |a Kottayam, D C Books 
260 |c 2009 
460 |a 204p 
465 |a Rs.100.00 
500 |a Charles Lamb and Mary Lamb; tr by M P Sadasivan, V Radhakrishnan and K M Chacko 
650 |a Short stories, English 
999 |c 43328  |d 43328 
952 |0 0  |1 0  |4 0  |6 823_010000000000000_LAML_32P4  |7 0  |8 MAL  |9 43967  |a MGUL  |b MGUL  |d 2013-07-16  |e Rs.100.00  |l 19  |m 4  |o 823.01 LAM/L 32P4  |p 41761  |r 2019-12-31  |s 2019-11-27  |w 2013-07-16  |y BK